<?xml version="1.0" encoding="UTF-8"?>
<record
    xmlns:xsi="http://www.w3.org/2001/XMLSchema-instance"
    xsi:schemaLocation="http://www.loc.gov/MARC21/slim http://www.loc.gov/standards/marcxml/schema/MARC21slim.xsd"
    xmlns="http://www.loc.gov/MARC21/slim">

  <leader>01695na  a2200361   4500</leader>
  <controlfield tag="001">13191</controlfield>
  <controlfield tag="003">MIRAKIL</controlfield>
  <controlfield tag="005">20181213154837.0</controlfield>
  <controlfield tag="008">160930b        tu            000 0      </controlfield>
  <datafield tag="020" ind1=" " ind2=" ">
    <subfield code="a">9751923026</subfield>
  </datafield>
  <datafield tag="035" ind1=" " ind2=" ">
    <subfield code="a">13191</subfield>
  </datafield>
  <datafield tag="040" ind1=" " ind2=" ">
    <subfield code="a">Milas</subfield>
    <subfield code="b">tur</subfield>
    <subfield code="c">TR-AnCHP</subfield>
  </datafield>
  <datafield tag="041" ind1=" " ind2=" ">
    <subfield code="a">tur</subfield>
  </datafield>
  <datafield tag="082" ind1=" " ind2=" ">
    <subfield code="a">331.4887</subfield>
    <subfield code="b">Y35 1999</subfield>
  </datafield>
  <datafield tag="090" ind1=" " ind2=" ">
    <subfield code="a">331.4887 Y35 1999</subfield>
  </datafield>
  <datafield tag="245" ind1=" " ind2=" ">
    <subfield code="a">Yeni &#xFC;retim s&#xFC;re&#xE7;leri ve kad&#x131;n eme&#x11F;i</subfield>
    <subfield code="b">D&#x131;&#x15F; pazarlara a&#xE7;&#x131;lan konfeksiyon sanayiinde yeni &#xFC;retim s&#xFC;re&#xE7;leri ve kad&#x131;n i&#x15F;g&#xFC;c&#xFC;n&#xFC;n bu s&#xFC;rece kat&#x131;l&#x131;m bi&#xE7;imleri</subfield>
    <subfield code="c">Proje y&#xFC;r&#xFC;t&#xFC;c&#xFC;s&#xFC; Ayda Erayd&#x131;n, Asuman Erendil ; alan ara&#x15F;t&#x131;rmac&#x131;lar&#x131; Tuna Ta&#x15F;an ...[ve &#xF6;te.]; yay&#x131;na haz&#x131;rlayan Raul Mansur</subfield>
  </datafield>
  <datafield tag="246" ind1=" " ind2=" ">
    <subfield code="a">Kad&#x131;n eme&#x11F;i</subfield>
  </datafield>
  <datafield tag="246" ind1=" " ind2=" ">
    <subfield code="a">D&#x131;&#x15F; pazarlara a&#xE7;&#x131;lan konfeksiyon sanayiinde yeni &#xFC;retim s&#xFC;re&#xE7;leri ve kad&#x131;n i&#x15F;g&#xFC;c&#xFC;n&#xFC;n bu s&#xFC;rece kat&#x131;l&#x131;m bi&#xE7;imleri</subfield>
  </datafield>
  <datafield tag="260" ind1=" " ind2=" ">
    <subfield code="a">Ankara</subfield>
    <subfield code="b">Ba&#x15F;bakanl&#x131;k Kad&#x131;n&#x131;n Stat&#xFC;s&#xFC; ve Sorunlar&#x131; Genel M&#xFC;d&#xFC;rl&#xFC;&#x11F;&#xFC;</subfield>
    <subfield code="c">1999</subfield>
  </datafield>
  <datafield tag="300" ind1=" " ind2=" ">
    <subfield code="a">xvii, 236 s.</subfield>
    <subfield code="b">tbl.</subfield>
    <subfield code="c">25 sm.</subfield>
  </datafield>
  <datafield tag="500" ind1=" " ind2=" ">
    <subfield code="a">i&#xE7; kapak bilgisi : "Ara&#x15F;t&#x131;rma, TC. Ba&#x15F;bakanl&#x131;k Kad&#x131;n&#x131;n Stat&#xFC;s&#xFC; ve Sorunlar&#x131; Genel        M&#xFC;d&#xFC;rl&#xFC;&#x11F;&#xFC; taraf&#x131;ndan T&#xFC;rk Sosyal Bilimler Derne&#x11F;i'ne yapt&#x131;r&#x131;lm&#x131;&#x15F;t&#x131;r"</subfield>
  </datafield>
  <datafield tag="504" ind1=" " ind2=" ">
    <subfield code="a">Kaynak&#xE7;a var.</subfield>
  </datafield>
  <datafield tag="650" ind1=" " ind2=" ">
    <subfield code="a">Sosyo ekonomik kalk&#x131;nma</subfield>
    <subfield code="x">Kad&#x131;nlar</subfield>
    <subfield code="z">T&#xFC;rkiye</subfield>
  </datafield>
  <datafield tag="650" ind1=" " ind2=" ">
    <subfield code="a">Kad&#x131;nlar </subfield>
    <subfield code="x">Sosyo ekonomik durum</subfield>
    <subfield code="z">T&#xFC;rkiye</subfield>
  </datafield>
  <datafield tag="650" ind1=" " ind2=" ">
    <subfield code="a">&#xDC;retim</subfield>
    <subfield code="x">Dokuma sanayii</subfield>
    <subfield code="y">Kad&#x131;n istihdam&#x131;</subfield>
    <subfield code="z">T&#xFC;rkiye</subfield>
  </datafield>
  <datafield tag="650" ind1=" " ind2=" ">
    <subfield code="a">Emek</subfield>
    <subfield code="x">Kad&#x131;n i&#x15F;g&#xFC;c&#xFC;</subfield>
    <subfield code="z">T&#xFC;rkiye</subfield>
  </datafield>
  <datafield tag="700" ind1=" " ind2=" ">
    <subfield code="a">Mansur, Raul</subfield>
  </datafield>
  <datafield tag="700" ind1=" " ind2=" ">
    <subfield code="a">Ta&#x15F;an, Tuna</subfield>
  </datafield>
  <datafield tag="700" ind1=" " ind2=" ">
    <subfield code="a">Erendil, Asuman</subfield>
  </datafield>
  <datafield tag="700" ind1=" " ind2=" ">
    <subfield code="a">Erayd&#x131;n, Ayda</subfield>
  </datafield>
  <datafield tag="710" ind1=" " ind2=" ">
    <subfield code="a">T.C. Ba&#x15F;bakanl&#x131;k Kad&#x131;n&#x131;n Stat&#xFC;s&#xFC; ve Sorunlar&#x131; Genel M&#xFC;d&#xFC;rl&#xFC;&#x11F;&#xFC;</subfield>
  </datafield>
  <datafield tag="942" ind1=" " ind2=" ">
    <subfield code="2">dcc</subfield>
    <subfield code="c">BKS</subfield>
  </datafield>
  <datafield tag="952" ind1=" " ind2=" ">
    <subfield code="a">0001</subfield>
    <subfield code="b">0001</subfield>
    <subfield code="d">2016-08-10</subfield>
    <subfield code="e">2</subfield>
    <subfield code="l">0</subfield>
    <subfield code="o">331.4887 Y35 1999</subfield>
    <subfield code="p">000695</subfield>
    <subfield code="r">2016-08-10 00:00:00</subfield>
    <subfield code="v">0.00</subfield>
    <subfield code="w">2016-08-10</subfield>
    <subfield code="y">BKS</subfield>
  </datafield>
  <datafield tag="999" ind1=" " ind2=" ">
    <subfield code="c">1869</subfield>
    <subfield code="d">1869</subfield>
  </datafield>
</record>
